01684nas a2200433 i 4500001000700000003000900007005001700016006001900033007001500052008004100067010000900108022001800117035002200135035002300157035002100180040003900201080001200240130005400252210003400306222004500340245006200385260007600447310001400523336003200537337002900569338002400598362002200622594008000644650002900724655004400753655003400797710004500831710007800876776008800954856014401042942001801186955002701204999001901231196282ES-MaACL20250802231920.0m g d f cr*|||||||||||240827c20019999sp fr pso f0 b0spa  acb10 a2530-21162_u a(OCoLC)1201057720 a991058530309708606 a(SpMaBN)a5859026 aSpMaBNbspacSpMaBNerdcdES-MaACL a355.3530 aCuadernos de pensamiento naval (Internet)92376060 aCuad. pensam. navalbInternet 0aCuadernos de pensamiento navalbInternet10aCuadernos de pensamiento naval /cEscuela de Guerra Naval aMadrid :bMinisterio de Defensa, Secretaría General Técnica,c2001- aSemestral aTexto (visual)2isbdcontent aelectrónico2isbdmedia 2rdacarrieravolumen0 aN. 1 (jun. 2001)- aTítulo tomado de la cubierta del PDF (consultada el 27 de agosto de 2024) 7aMarina de guerra9136465 0aRevistas electrónicas2tgfbne9226718 0aPáginas Web2tgfbne9226719 aEscuela de Guerra Naval (Madrid)92376071 aEspaña.bMinisterio de Defensa.bSecretaría General Técnica923862108iVersión impresatCuadernos de pensamiento naval =xISSN 1697-23330195853w19585340uhttp://www.armada.mde.es/ArmadaPortal/page/Portal/ArmadaEspannola/mardigitalrevistas/prefLang-es/06boletinPensamientoyAcceso electrónico 2udcn0cREV_E bPilar Fernández Vera c196282d196282